LEADER 01021nam a2200265 u 4500 001 000000071992 003 CaOOAMICUS 005 20070226122207.0 008 020610s1914 it u000 u ita u 035 $a10932631 040 $aPUL(R)$bita 100 1 $aLuzzatto, Gino,$d1878-1964.$0(OLS)http://pul/name/3500 245 10$aStoria del commercio /$cGino Luzzatto. 260 $aFirenze :$bG. Barbera,$c1914. 300 $av.<1 > :$b20 cm 490 1 $aBiblioteca coloniale 500 $aContiene indice. 505 0 $av.1 : Dall'antichità al Rinascimento. 650 4$aCommercio$xStoria.$0(OLS)http://pul/subject/5179 830 0$aBiblioteca coloniale.$0(OLS)http://pul/title/94736 850 $aPUL 852 $aPUL$W1$xDP1 Cons. Gen., Altre Classi 1$y22$m845 A 32$j93132$nBK-PRI$b $qStampati$B93132$CPULBib$Z2$F93132 $H $81 941 1 $a8 996 $6245$aStoria del commercio$9(OLS)http://pul/title/94735 996 $6260$aFirenze :$bG. Barbera$9(OLS)http://pul/publisher/48947 LEADER 01272nam a2200313 u 4500 001 000000060459 003 CaOOAMICUS 005 20070226120920.0 008 010724s1968 it u000 u ita u 035 $a10898248 040 $aPUL(R)$bita 041 1 $aita$hfre 100 1 $aThils, Gustave,$csac.,$d1909-2000.$0(OLS)http://pul/name/11747 240 10$aTheologie et realité sociale.$lItaliano.$0(OLS)http://pul/title/76489 245 10$aTeologia e realtà sociale /$cGustave Thils. 250 $a2. ed. /$binteramente rifusa dall'autore. 260 $aAlba :$bPaoline,$cc1968. 300 $a284 p. ;$c21 cm 490 1 $aDimensioni dello spirito.$aSeconda serie ;$v69 504 $aBibliografia in nota. 650 4$aTeologia e società.$0(OLS)http://pul/subject/18824 650 4$aComunità.$0(OLS)http://pul/subject/21726 830 0$aDimensioni dello spirito.$nSeconda serie ;$v69.$0(OLS)http://pul/title/80097 850 $aPUL 852 $aPUL$W1$xSL Religione 1$y3$m57 I 18$j78825$nBK-PRI$b $qStampati$B78825$CPULBib$Z2$F78825 $H $81 941 1 $a8 961 $aINV: 30116 996 $6245$aTeologia e realtà sociale$9(OLS)http://pul/title/76490 996 $6260$aAlba :$bPaoline$9(OLS)http://pul/publisher/58108